Phụ tùng ôtô /
Sparad:
| Huvudupphovsman: | |
|---|---|
| Materialtyp: | Bok |
| Språk: | Vietnamese |
| Publicerad: |
H. :
Công nhân kỹ thuật ,
1985
|
| Upplaga: | In lần thứ 1 |
| Ämnen: | |
| Taggar: |
Lägg till en tagg
Inga taggar, Lägg till första taggen!
|
| Thư viện lưu trữ: | Thư viện Trường CĐ Kỹ Thuật Cao Thắng |
|---|
| LEADER | 00625nam a2200205 a 4500 | ||
|---|---|---|---|
| 001 | TVCDKTCT84 | ||
| 003 | Thư viện trường Cao đẳng Kỹ thuật Cao Thắng | ||
| 005 | 20050729000000 | ||
| 008 | 050729 | ||
| 980 | \ | \ | |a Thư viện Trường CĐ Kỹ Thuật Cao Thắng |
| 024 | |a RG_1 #1 eb0 i1 | ||
| 041 | 0 | # | |a vie |
| 082 | # | # | |a 629.24 / |b NG450B-ph |
| 100 | 1 | # | |a Ngô Thành Bắc |
| 245 | 0 | 0 | |a Phụ tùng ôtô / |c Ngô Thành Bắc |
| 250 | # | # | |a In lần thứ 1 |
| 260 | # | # | |a H. : |b Công nhân kỹ thuật , |c 1985 |
| 300 | # | # | |a 197tr. ; |c 27cm |
| 650 | # | 4 | |a Ô tô |
| 650 | # | 4 | |a Phụ tùng |